| 000 | 00373nam a2200133Ia 4500 | ||
|---|---|---|---|
| 005 | 20260326235444.0 | ||
| 008 | 260326s9999||||xx |||||||||||||| ||und|| | ||
| 100 | _aPérez Montas, Eugenio | ||
| 245 | 0 |
_aRep. Dominicana : _b Monumentos Históricos y Arqueológicos / _cEugenio Pérez Montas |
|
| 260 | _bLoera Chávez HNS. | ||
| 300 | _a553 p. | ||
| 650 | _aARTE | ||
| 942 | _cBK | ||
| 999 |
_c7523 _d7523 |
||